000 00462nam a2200193Ia 4500
008 210210b1931 xxu||||| |||| 00| 0 eng d
041 _aeng
082 _a886/21
100 _aMADHAVA BHATTA
245 _aRigvedanukarmanika by kunhan rAja Si
260 _aMadras
_bUniversity of Madras
_c1931
650 _aSi
650 _aRigvedanukarmanika
650 _arAja
650 _akunhan
650 _aby
690 _aSanskrit Criticism
906 _a024528
999 _c150068
_d150068